|
|
|
|
| LEADER |
00000nam0a2200000 4500 |
| 001 |
15045 |
| 005 |
20231030190010.0 |
| 010 |
|
|
|a 58744440984
|
| 035 |
|
|
|a (RuTPU)RU\TPU\book\15147
|
| 035 |
|
|
|a BOOK00015216
|
| 090 |
|
|
|a 15045
|
| 100 |
|
|
|a 20011209d2000 km y0rusy50 ca
|
| 101 |
0 |
|
|a rus
|
| 102 |
|
|
|a RU
|
| 105 |
|
|
|a y z 000zy
|
| 200 |
1 |
|
|a Фактор четыре. Затрат - половина, отдача - двойная
|e Новый доклад Римскому клубу
|f Э. Вайцзеккер, Э. Б. Ловинс, Л. Х. Ловинс
|
| 210 |
|
|
|a Москва
|c Academia
|d 2000
|
| 215 |
|
|
|a 400 с.
|
| 610 |
1 |
|
|a экономика
|
| 610 |
1 |
|
|a мировая экономика
|
| 610 |
1 |
|
|a природные ресурсы
|
| 610 |
1 |
|
|a использование
|
| 610 |
1 |
|
|a экология
|
| 610 |
1 |
|
|a окружающая среда
|
| 610 |
1 |
|
|a охрана
|
| 610 |
1 |
|
|a ресурсосберегающие технологии
|
| 610 |
1 |
|
|a рентабельность
|
| 610 |
1 |
|
|a энергосбережение
|
| 610 |
1 |
|
|a материалы
|
| 610 |
1 |
|
|a продуктивность
|
| 610 |
1 |
|
|a трансферт
|
| 675 |
|
|
|a 504.06
|v 3
|
| 686 |
|
|
|a У5
|v LBC/SL-A
|2 rubbk
|
| 700 |
|
1 |
|a Вайцзеккер
|b Э.
|g Эрнст
|
| 701 |
|
1 |
|a Ловинс
|b Э. Б.
|g Эймори Б.
|
| 701 |
|
1 |
|a Ловинс
|b Л. Х.
|g Л. Хантер
|
| 801 |
|
0 |
|a RU
|b 63413507
|c 20011209
|g PSBO
|
| 801 |
|
2 |
|a RU
|b 63413507
|c 20230208
|g PSBO
|
| 900 |
|
|
|a Современные проблемы электроэнергетики
|
| 942 |
|
|
|c BK
|